| 000 | 00952cam a22002531i 4500 | ||
|---|---|---|---|
| 003 | SA-RiAUC | ||
| 005 | 20250125150114.0 | ||
| 008 | 241210s1989 ti g f000 0 ara c | ||
| 040 |
_aTN_BIBPUB _bara _cSA-RiAUC. _erda |
||
| 043 | _aa-su--- | ||
| 082 | 0 | 4 |
_a915.312104 _qSA-RiAUC |
| 090 |
_a915.312104 _bش ن و |
||
| 100 | 1 |
_aالشنوفي، علي، _d1924- _eمؤلف. |
|
| 245 | 1 | 0 |
_aمكة المكرمة والكعبة المشرفة في كتب الرحالة المسلمين / _cعلي بن الطاهر الشنوفي. |
| 264 | 1 |
_aتونس : _bبيت الحكمة، _c1989 |
|
| 300 |
_a160 صفحة ؛ _c24 سم |
||
| 336 |
_aنص _btxt _2rdacontent _3كتاب |
||
| 337 |
_aبدون وسيط _bn _2rdamedia |
||
| 338 |
_aمجلد _bnc _2rdacarrier |
||
| 650 | 7 |
_aالكعبة _xتاريخ _2aucsh |
|
| 651 | 7 |
_aمكة المكرمة _xوصف ورحلات _2aucsh |
|
| 942 |
_2ddc _cBOOK _n0 |
||
| 949 |
_aSA-JeALM _d241210 _umohamedma123 _n1 |
||
| 999 |
_c3338 _d3338 |
||